000 00989nam a2200301Ia 4500
001 H3148
003 IT-RoPAU
008 130308s9999 xx 000 0 und d
040 _aIT-RoPAU
040 _cIT-RoPAU
041 _aITALIANO
100 _aEugeni Ruggero
100 _gCodice Aut. SPICS: 23669
245 _aEnunciazione oracolare (L'). L'interrogazione ipertestuale e il suo travestimento immaginario nella consultazione dell'
245 _bForme della Testualità. Teoria, Modelli, storia e Prospettive
250 _a1a ed.
260 _aTORINO
260 _bTesto & Immagine
260 _c2001 [1° Ed.:2001 - Ed.Ling.Originale:2001]
300 _a"14 p. (prefazione: no ; testo: 14 [pagine: 362-375])"
500 _aUn testo senza Forma. Divinazione e Testualità nell'I Ching. Tempo del Senso. Enunciazione Personalizzata.
650 _aSEMIOLOGIA
650 _eCodice materia Spics: 3251
942 _cBK
957 _71
999 _c40726
_d40726
999 _bSI
999 _g1